| 000 | 00370nam a2200145Ia 4500 | ||
|---|---|---|---|
| 008 | 230917s9999||||xx |||||||||||||| ||und|| | ||
| 040 |
_e153815 _aMAIN |
||
| 041 | _aEnglish | ||
| 082 | _a297 M974D | ||
| 100 | _aMushir -Ul-Haque | ||
| 245 | 0 | _aDharam nirpaksh Bharat mein islam | |
| 260 |
_aNew Delhi _bRadhakrishna Prakashan _c1977 |
||
| 300 | _a128 p. | ||
| 942 | _cBK | ||
| 999 |
_c181608 _d181608 |
||